000 01207nam a22002297a 4500
999 _c3509
_d3509
005 20240205114504.0
008 240205b ||||| |||| 00| 0 eng d
020 _a9780241237236
040 _cKH8
082 _a428.6 MAR
100 _aMarch, Julia
_eAuthor
245 _aMonster battles
_cJulia March
260 _aLondon,
_b Dorling Kindersley Limited,
_c2016
300 _a1 volume
440 _a DK reads
500 _aAt head of title: LEGO Nexo Knights
520 _aJoin the LEGO Nexo Knights as they master Nexo Powers and battle fearsome fire monsters in DK Reader L3: Lego Nexo Knights: Monster Battles. Meet a group of brave knights as they embark on an epic adventure to stop a villainous jester and his band of monsters from taking over the kingdom. Learn about the exciting realm of Knighton and what it takes to graduate from Knights' Academy, go on thrilling quests and engage in heroic battles against beastly, magical monsters. Set at the 'Starting to Read Alone' level, DK Reader L3: Lego Nexo Knights: Monster Battles is a thrilling read for new readers
650 _aChildren's nonfiction
650 _aChildren's stories
650 _aFantasy fiction
942 _2ddc
_cNFIC